| 000 | 00634nam a2200241Ia 4500 | ||
|---|---|---|---|
| 008 | 171120s9999 xx 000 0 und d | ||
| 020 | _a9.7897100703e+012 | ||
| 050 | _a332.02 | ||
| 050 | _bS211 2011 | ||
| 100 | _aSanchez, Bo | ||
| 245 | _aHow to prosper : | ||
| 245 | _blearn a simple 5-point system to change your financial life forever! / | ||
| 245 | _cby Bo Sanchez. | ||
| 260 | _aPhilippines : | ||
| 260 | _bShepherd's Voice, | ||
| 260 | _c2011 | ||
| 300 | _a96 pages : | ||
| 300 | _billustrations ; | ||
| 300 | _c17cm. | ||
| 650 | _aFinance, Personal -- | ||
| 650 | _xReligious aspects. | ||
| 700 | _aTitle. | ||
| 999 |
_c345330 _d345330 |
||